000 00818naa a22002417u 4500
001 21009
003 HDC
007 cr bn ---aaaaa
008 210306t xx 000 0 eng
040 _aHDC
100 _aHAJJ ABDALHAMID EVANS,
_eauthor
_916342
245 0 _aHalal Industry Coming into focus /
_cby HAJJ ABDALHAMID EVANS
260 _a[No place] :
_b[publisher not identified],
_c[no year]
336 _atext
_2rdacontent
337 _acomputer
_2rdamedia
338 _aonline resource
_2rdacarrier
650 _aHalal food industry
_9128
650 _aMuslims
_9247
856 _zRequest full-text at [email protected]
942 _2lcc
942 _cEIJ
942 _kEMAG 000957
999 _c18325
_d18325